[Event "ROM-ch U10 Boys"]
[Site "Voineasa"]
[Date "2008.04.16"]
[Round "7"]
[White "Sora, Mihai Alexandru"]
[Black "Varan, Andrei"]
[Result "0-1"]
[WhiteElo "401"]
[BlackElo "401"]
[PlyCount "64"]
[EventDate "2008.04.08"]
[EventType "swiss"]
[EventRounds "9"]
[EventCountry "ROU"]
[SourceTitle "EXT 2013"]
[Source "ChessBase"]
[SourceDate "2012.11.22"]
[SourceVersion "1"]
[SourceVersionDate "2012.11.22"]
[SourceQuality "1"]

1. e4 e5 2. Nf3 Nc6 3. Bb5 Nf6 4. Bxc6 bxc6 5. Nxe5 Nxe4 6. Qe2 Nf6 7. Ng4+ Be7 8. b3 Nxg4 9. Qxg4 Bf6 10. Bb2 Bxb2 11. c3 Bxa1 12. Qxg7 Rf8 13. Qe5+ Qe7 14. Qxe7+ Kxe7 15. Kd1 Re8 16. Re1+ Kf8 17. Rxe8+ Kxe8 18. Kc2 h5 19. h4 Ba6 20. Na3 Bf1 21. g3 Rb8 22. b4 Rb6 23. Kb1 Ra6 24. Nc2 Bd3 25. Kc1 Bxc2 26. Kxc2 Rxa2+ 27. Kb1 Rxd2 28. Kxa1 Rxf2 29. c4 Rf1+ 30. Kb2 Rg1 31. g4 hxg4 32. h5 Rh1 0-1